La Reinsección social del delincuente
Publicado:
San Jorge, núm. 85 (1r trimestre 1972), pàg 73 :
MARC
| LEADER | 00000nam a2200000Ia 4500 | ||
|---|---|---|---|
| 008 | 160829s9999 xx 000 0 cat d | ||
| 245 | |a La Reinsección social del delincuente | ||
| 260 | |a San Jorge, núm. 85 (1r trimestre 1972), pàg 73 | ||
| 600 | 0 | |9 28922 |a Muller i d'Abadal, Josep M., |d 1919-1981 | |
| 650 | |a Delinqüents |x Rehabilitació |9 36308 | ||
| 650 | |a Medalla al Mèrit Penitenciari |9 41049 | ||
| 901 | |a Arxiu | ||
| 942 | |n 1 |2 udc | ||
| 952 | |0 0 |1 0 |4 0 |7 1 |9 50013 |a Arxiu |b Arxiu |d 2016-12-01 |l 0 |r 2016-12-01 00:00:00 |w 2016-12-01 |y ARXIU | ||
| 999 | |c 53855 |d 53855 | ||